Catálogo
 En Linea

Elegías de varones ilustres de Indias / (Registro nro. 18554)

Detalles MARC
000 -CABECERA
campo de control de longitud fija 00997cam a2200241 a 4500
001 - NÚMERO DE CONTROL
campo de control 000019036
005 - FECHA Y HORA DE LA ÚLTIMA TRANSACCIÓN
campo de control 20200929165916.0
008 - DATOS DE LONGITUD FIJA--INFORMACIÓN GENERAL
campo de control de longitud fija 730604s1962 ve ac 000 0 spa d
040 ## - FUENTE DE LA CATALOGACIÓN
Centro catalogador/agencia de origen DO-SdBNP
Lengua de catalogación spa
Centro/agencia transcriptor PPT
Centro/agencia modificador TxGeoS
-- WU
-- DLC
-- BNPHU
082 ## - NÚMERO DE LA CLASIFICACIÓN DECIMAL DEWEY
Número de clasificación 861.3
Número de documento/Ítem C348
049 ## - FONDOS LOCALES (OCLC)
Fondos de biblioteca BNGR
100 1# - ENTRADA PRINCIPAL--NOMBRE DE PERSONA
Nombre de persona Castellanos, Juan de,
Fechas asociadas al nombre 1522-1606
9 (RLIN) 40957
245 10 - MENCIÓN DE TÍTULO
Título Elegías de varones ilustres de Indias /
Mención de responsabilidad, etc. introdución y notas de Isaac J. Pardo.
260 ## - PUBLICACIÓN, DISTRIBUCIÓN, ETC.
Lugar de publicación, distribución, etc. Caracas, (Venezuela) :
Nombre del editor, distribuidor, etc. Academia Nacional de la Historia,
Fecha de publicación, distribución, etc. 1962.
300 ## - DESCRIPCIÓN FÍSICA
Extensión 284 p. :
Otras características físicas il., retrs. ;
Dimensiones 24 cm.
490 1# - MENCIÓN DE SERIE
Mención de serie Biblioteca de la Academia Nacional de la Historia
Designación de volumen o secuencia 57
600 14 - PUNTO DE ACCESO ADICIONAL DE MATERIA--NOMBRE DE PERSONA
Nombre de persona CASTELLANOS, JUAN DE,
Fechas asociadas al nombre 1522-1607.
Título de la obra Elegias de varones ilustres de Indias.
9 (RLIN) 40958
651 #4 - PUNTO DE ACCESO ADICIONAL DE MATERIA--NOMBRE GEOGRÁFICO
Nombre geográfico América Latina
Subdivisión general Historia
-- Poesía
9 (RLIN) 40959
650 #4 - PUNTO DE ACCESO ADICIONAL DE MATERIA--TÉRMINO DE MATERIA
Término de materia o nombre geográfico como elemento de entrada América latina
Subdivisión general Biografías
9 (RLIN) 40960
700 1# - PUNTO DE ACCESO ADICIONAL--NOMBRE DE PERSONA
Nombre de persona Pardo, Isaac J.,
Término indicativo de función/relación intr.
9 (RLIN) 40961
830 #0 - PUNTO DE ACCESO ADICIONAL DE SERIE-TÍTULO UNIFORME
Título uniforme Biblioteca de la Academia Nacional de la Historia ;
Designación de volumen o secuencia 57
9 (RLIN) 29982
910 ## - DATOS DE OPCIÓN DEL USUARIO (OCLC)
Datos de opción del usuario Catalogación derivada / LC
Existencias
Estado de retiro Estado de pérdida Restricciones de uso No para préstamo Código de colección Localización permanente Ubicación/localización actual Ubicación en estantería Fecha de adquisición Número de inventario Total de préstamos Signatura topográfica completa Código de barras Fecha visto por última vez Precio válido a partir de Tipo de ítem Koha
        Monografías: Libros y Folletos General General En catalogación 24.05.2010 LF1   861.3 C348 19036-10 25.06.2020 25.06.2020 Préstamo en sala

Con tecnología Koha